| 000 | 00419nam a22001697a 4500 | ||
|---|---|---|---|
| 003 | SGT | ||
| 020 | _a9354518885 | ||
| 082 |
_a615.19 _bP23T |
||
| 100 | _aTIWARI, ABHISHEK | ||
| 245 | _aA TEXT BOOK OF PHARMACEUTICAL PROCESS CHEMISTRY | ||
| 250 | _a1ST | ||
| 260 |
_aPUNE _bNIRALI PRAKASHAN _c2023 |
||
| 300 | _a5.47 | ||
| 650 | _aPROCESS CHEMISTRY | ||
| 653 | _aPHARMACEUTICAL, PROCESS, CHEMISTRY | ||
| 942 |
_2ddc _cBK |
||
| 999 |
_c27082 _d27082 |
||